UCM

Analise das Organizacoes (Record no. 30933)

MARC details
000 -LEADER
fixed length control field 00348nam a22001337a 4500
008 - FIXED-LENGTH DATA ELEMENTS--GENERAL INFORMATION
fixed length control field 141010b xxu||||| |||| 00| 0 eng d
080 ## - UNIVERSAL DECIMAL CLASSIFICATION NUMBER
Universal Decimal Classification number 658
245 ## - TITLE STATEMENT
Title Analise das Organizacoes
Statement of responsibility, etc Litterer, Joseph A.
250 ## - EDITION STATEMENT
Edition statement 1 ed.
260 ## - PUBLICATION, DISTRIBUTION, ETC. (IMPRINT)
Place of publication, distribution, etc Brasil
Name of publisher, distributor, etc Atlas
Date of publication, distribution, etc 1970
300 ## - PHYSICAL DESCRIPTION
Extent 521p.
Other physical details
Dimensions
Accompanying material
Type of unit
Size of unit
650 ## - SUBJECT ADDED ENTRY--TOPICAL TERM
Source of heading or term Analise Organizacional
942 ## - ADDED ENTRY ELEMENTS (KOHA)
Source of classification or shelving scheme Universal Decimal Classification
Item type Books
Holdings
Withdrawn status Lost status Source of classification or shelving scheme Damaged status Not for loan Collection code Home library Current library Shelving location Date acquired Total Checkouts Full call number Barcode Date last seen Copy number Price effective from Koha item type
    Universal Decimal Classification     Reference Lichinga - Faculdade de Gestão de Recursos Florestais e Faunísticos Lichinga - Faculdade de Gestão de Recursos Florestais e Faunísticos General Stacks 10/10/2014   658.1 2206004 10/10/2014 1 10/10/2014 Books

Universidade Católica de Moçambique - Rua Marquês de Soveral, 960, Palmeiras II, Beira, Moçambique

Tel (Central): (+258) 23 313 077 - Fax: (+258) 23 311 520 - Email: reitoria@ucm.ac.mz - Web: www.ucm.ac.mz